000 00284nam a22001337a 4500
008 171016b xxu||||| |||| 00| 0 eng d
020 _a9780673994769
041 _aeng
080 _211TH
_a33
100 _a52
101 _aEKO
245 _aECONOMICS
_cLIPSEY,R.G
942 _2udc
_cBK
999 _c33996
_d33996